000 00182nam a22000857a 4500
082 _a657.3 FUM
100 _aFUMBUKA, L.G
245 _aSTUDY GUIDE FOR ADVANCED ACCOUNTANCY
942 _cBK
999 _c20285
_d20285